<?xml version="1.0" encoding="UTF-8"?>
<record
    xmlns:xsi="http://www.w3.org/2001/XMLSchema-instance"
    xsi:schemaLocation="http://www.loc.gov/MARC21/slim http://www.loc.gov/standards/marcxml/schema/MARC21slim.xsd"
    xmlns="http://www.loc.gov/MARC21/slim">

  <leader>02617    a2200217   4500</leader>
  <controlfield tag="001">1</controlfield>
  <controlfield tag="005">20260407155400.0</controlfield>
  <controlfield tag="008">260407a2006    arg                 spa d</controlfield>
  <controlfield tag="003">AR-UNSa-BCEJYS</controlfield>
  <datafield tag="040" ind1=" " ind2=" ">
    <subfield code="a">AR-UNSa-BCEJYS</subfield>
    <subfield code="b">spa</subfield>
    <subfield code="c">AR-UNSa-BCEJYS</subfield>
  </datafield>
  <datafield tag="080" ind1=" " ind2=" ">
    <subfield code="a">658.15</subfield>
    <subfield code="x">Administraci&#xF3;n financiera privada. Gesti&#xF3;n financiera de empresas
</subfield>
  </datafield>
  <datafield tag="245" ind1="1" ind2="0">
    <subfield code="a">Decisiones Financieras</subfield>
  </datafield>
  <datafield tag="250" ind1=" " ind2=" ">
    <subfield code="a">5a. ed.</subfield>
  </datafield>
  <datafield tag="264" ind1=" " ind2="1">
    <subfield code="a">Buenos Aires :</subfield>
    <subfield code="b">EDICON (Fondo Editorial Consejo)</subfield>
    <subfield code="c">2006</subfield>
  </datafield>
  <datafield tag="300" ind1=" " ind2=" ">
    <subfield code="a">810 p.</subfield>
    <subfield code="c">26 cm.</subfield>
  </datafield>
  <datafield tag="505" ind1=" " ind2=" ">
    <subfield code="a">1. Funciones y objetivos de las finanzas 2. Mercados financieros 3. Mercados financieros y valor presente neto 4. Valor tiempo del dinero 5. Elementos de valuaci&#xF3;n 6. Criterios para el an&#xE1;lisis de inversiones 7. Valor presente neto Vs. Tasa de rentabilidad 8. Definici&#xF3;n de flujo de fondos 9. Riesgo y opciones en el an&#xE1;lisis de inversiones 10. Teor&#xED;a del portafolio 11. Teor&#xED;a del mercado de capitales y el modelo de fijaci&#xF3;n de precios de activos de capital 12. Otros modelos de fijaci&#xF3;n de precios 13. El rendimiento requerido para las inversiones 14. Decisiones de financiamiento y la hip&#xF3;tesis de mercados eficientes 15. Los elementos del an&#xE1;lisis de decisiones de financiamiento 16. costo de las deudas 17. Leasing 18. El leverage y sus efectos 19. Teor&#xED;a de la estructura financiera 20. Evidencia emp&#xED;rica de estructuras financieras y los l&#xED;mites del endeudamiento 21. Factores que influyen en la pol&#xED;tica de dividendos 22. Dividendos y su relaci&#xF3;n con inversiones y financiamiento 23. Evoluci&#xF3;n de la administraci&#xF3;n de los riesgos financieros 24. Condiciones de paridad en las finanzas internacionales y Forwards 25. Futuros 26. Opciones 27. Swaps 28. Administraci&#xF3;n del riesgo y creaci&#xF3;n de valor 29. Valor agregado econ&#xF3;mico 30. Valuaci&#xF3;n de empresas 31. Algoritmos de diagn&#xF3;stico financiero 32. Liquidez e insolvencia 33. La administraci&#xF3;n del efectivo 34. Administraci&#xF3;n de cr&#xE9;ditos e inventarios 35. Estados contables b&#xE1;sicos. Elementos introductorios 36. T&#xE9;cnicas de apoyo a los diagn&#xF3;sticos financieros 37. Instrumentos de planificaci&#xF3;n financiera 38. Mercados financieros internacionales 39. Administraci&#xF3;n financiera internacional 40. Introducci&#xF3;n a las finanzas de instituciones financieras 41. Rentabilidad de instituciones financieras 42. Riesgos de instituciones financieras 43. Innovaci&#xF3;n financiera y titularizaci&#xF3;n (Securitization) </subfield>
  </datafield>
  <datafield tag="942" ind1=" " ind2=" ">
    <subfield code="c">BK</subfield>
  </datafield>
  <datafield tag="590" ind1=" " ind2=" ">
    <subfield code="a">niveau_biblio:m niveau_hierar:0</subfield>
  </datafield>
  <datafield tag="100" ind1="1" ind2=" ">
    <subfield code="a">Pascale, Ricardo</subfield>
  </datafield>
  <datafield tag="856" ind1="4" ind2="1">
    <subfield code="u">https://biblioeco.unsa.edu.ar/pmb/images/libros/Decisiones Financieras-l116747.jpg</subfield>
    <subfield code="y">Imagen de portada</subfield>
    <subfield code="q">image/jpeg</subfield>
  </datafield>
  <datafield tag="999" ind1=" " ind2=" ">
    <subfield code="c">1</subfield>
    <subfield code="d">1</subfield>
  </datafield>
  <datafield tag="952" ind1=" " ind2=" ">
    <subfield code="0">0</subfield>
    <subfield code="1">0</subfield>
    <subfield code="4">0</subfield>
    <subfield code="7">0</subfield>
    <subfield code="a">BCEJYS</subfield>
    <subfield code="b">BCEJYS</subfield>
    <subfield code="c">16</subfield>
    <subfield code="d">2026-04-07</subfield>
    <subfield code="l">0</subfield>
    <subfield code="o">658.15 P278 5ed.</subfield>
    <subfield code="p">L116747</subfield>
    <subfield code="r">2026-04-07 15:54:01</subfield>
    <subfield code="w">2026-04-07</subfield>
    <subfield code="y">L</subfield>
  </datafield>
</record>
